000 00686nam a2200229 a 4500
001 BRCA_7391
005 20190320205823.0
008 220313s1937----mx-#######---#000-0#spa-#
041 _aspa
044 _amx
050 4 _aHB9
_b.R48 1937
245 1 0 _aRevista de economía.
260 _aMéxico
_bSindicato Nacional de Economistas
_c1937
300 _a1 v. (sin paginación)
500 _aVol.1, No.1 enero-febrero, 1937
500 _aLa biblioteca cuenta con el v.3, nos. 1-2 enero-abril, 1939
500 _aRevista inventariada por Banco de México como libro
500 _aQ102
650 1 4 _aEconomía
_vPublicaciones periódicas
_918242
902 _aGFM
942 _2lcc
_cB
999 _c7067
_d7067